000
00286nam a2200121Ia 4500
008
190216s9999||||xx |||||||||||||| ||und||
100
_a
Mukundan M
245
0
_a
Mayyazhipuzhayute Theerangalil
260
_b
National Book Stall
_c
1978
300
_a
322p
650
_a
Novel
942
_c
BK
999
_c
25282
_d
25282